000
00284nam a2200121Ia 4500
008
190216s9999||||xx |||||||||||||| ||und||
100
_a
Sur Ak
245
4
_a
The Stock Exchange
260
_b
Calcutta The World Press Pvt Ltd
_c
1958
300
_a
97p
650
_a
Economics
942
_c
BK
999
_c
9426
_d
9426